000 00434nam a22001577a 4500
008 230606b |||||||| |||| 00| 0 eng d
020 _a9241545097
040 _aNational Science Library
_cNational Science Library
080 _a614.39
_bN8
100 _aDumoulin, Jerome
_910925
245 _aGuide to drug financing mechanisms
260 _aGeneva:
_bWHO,
_c1998
300 _avii, 55p.
650 _aScience
942 _2udc
_cBK
999 _c39556
_d39556